Nuevas relaciones humanas en el núcleo familiar /

Guardado en:
Bibliografiske detaljer
Hovedforfatter: Satir, Virginia (autor)
Format: Bog
Sprog:spansk
Udgivet: México : Pax, 1991, c1991
Udgivelse:Ed. corr. y aum.
Fag:
Tags: Tilføj Tag
Ingen Tags, Vær først til at tagge denne postø!

MARC

LEADER 00000nam^a2200000^a^4500
001 000041974
005 20250521000000.0
009 20260310085719.992
020 |a 968-860-393-7 
025 |a Donación Martín del Campo Chávez, 1 ejemplar 
037 |a Acervo ITESO - Biblioteca 
041 |a ESP 
082 |a 306. 87  |b SAT 
100 |a Satir, Virginia  |e (autor) 
240 1 1 |a [Relaciones humanas en el núcleo familiar] 
245 1 0 |a Nuevas relaciones humanas en el núcleo familiar /  |c V. Satir ; il. de Barry Ives ; tr. por José Ignacio Rdríguez y Martínez. 
250 |a Ed. corr. y aum. 
264 4 |a México :  |b Pax,  |c 1991, c1991 
300 |a 403 p. 
336 |a texto  |b txt  |2 rdacontenido 
337 |a sin mediación  |b n  |2 rdamedio 
338 |a volumen  |b nc  |2 rdasoporte 
500 |a Traducción de: The New Peoplemaking 
649 |a XX 
650 |a Relaciones Familiares -  |x Tema Principal 
650 |a Familia 
650 |a Autoestima 
650 |a Superación Personal y Autoayuda 
650 |a Psicología 
910 |a Fondo General 
920 |a Impresos - Libros 
930 |a Colección General 
905 |a 101 
901 |a 0500353102  |b IT1  |c ACC  |i D119141  |u 20250521 
901 |a 0419740200  |b IT1  |c ACC  |i 910680  |u 20250521 
901 |a 0419740300  |b IT1  |c ACC  |i 911153  |u 20250521 
901 |a 0419740400  |b IT1  |c ACC  |i 911154  |u 20250521 
901 |a 0500039882  |b IT1  |c ACC  |i D  |u 20250521 
902 |a https://opac.biblio.iteso.mx/vufind/Record/000041974